'E' Sorting Gallery Quiz Stats

 Plays Quiz Updated Aug 7, 2018

Score 0/55 Timer 04:00
8 Plays Today
% Correct
Egg
99.1%
Eggplant
98.3%
Enchiladas
95.9%
Elderberries
95%
Escargots
94.4%
Edinburgh
94.2%
Éclair
92.7%
Ecuador
92.4%
Egypt
92.1%
Edward
91.8%
El Salvador
91.7%
El Paso
91.1%
Ethiopia
90.8%
Edmonton
90%
Empanadas
89.1%
Eric
88.5%
Estonia
88.4%
Equatorial Guinea
88%
Elijah
87.8%
Exodus
86.2%
Ethan
84.8%
Earth
84.7%
Eli
84.4%
Ezekiel
83.8%
Evan
82.8%
Étouffée
82.4%
Eduardo
80.9%
Europium
80.3%
% Correct
Einsteinium
80.1%
Ecclesiastes
79.2%
Endive
77.8%
Erbium
77.3%
Ephesians
75.6%
Eritrea
74.6%
Epsilon
73.9%
Eindhoven
72.4%
Éowyn
72.2%
Eta
71.3%
Éomer
69.8%
Ezra
69.4%
Essen
67.8%
Emmanuel
66.5%
Elrond
66.1%
Esther
65.7%
Elendil
57.2%
Eevee
53.6%
Exeggutor
53.2%
Emmental
50.6%
Ekibastuz
47.9%
Ecatepec
46.6%
Espoo
40.6%
Elche
39.7%
Ekans
39.7%
Electrode
32.3%
Ecthelion
30.6%

You're not logged in!

Compare scores with friends on all Sporcle quizzes.
OR
Log In

Sporcle TV

Today on Sporcle TV


Watch our educational content, quiz creation guides, and fun videos on Sporcle TV.

Show Comments

Extras

Top Quizzes Today


Score Distribution

Your Account Isn't Verified!

In order to create a playlist on Sporcle, you need to verify the email address you used during registration. Go to your Sporcle Settings to finish the process.

Report this User

Report this user for behavior that violates our Community Guidelines.

Details: